| 000 | 00691nam a22002177a 4500 | ||
|---|---|---|---|
| 005 | 20250725125113.0 | ||
| 008 | 250725b |||||||| |||| 00| 0 eng d | ||
| 020 | _a978-1-137-59290-3(hbk) | ||
| 037 | _cHandbook | ||
| 040 |
_aCRL _cCRL |
||
| 041 |
_2eng _aeng |
||
| 084 |
_aR86 Q7 _qCRL |
||
| 245 | _aPalgrave handbook of African philosophy | ||
| 260 |
_aNew York, USA: _bPalgrave Macmillan, _c2017. |
||
| 300 | _axxix,867p. | ||
| 365 |
_b 269.00 _cEURO |
||
| 650 | _2PHILOSOPHY | ||
| 700 |
_aFalola, Toyin _eEditor. |
||
| 942 |
_2CC _cTB _hR86 Q7 _n0 |
||
| 999 |
_c1434269 _d1434269 |
||